Statistics for 天津市地图 Tianjin Map Quiz

Click here to take the quiz!

General Stats

  • This quiz has been taken 974 times
  • The average score is 12 of 16

Answers on the Map

Answers color-coded by a green-red scale on the quiz's map according to % correct below.
 

Answer Stats

区划% Correct
滨海新区
96%
蓟州区
84%
河东区
82%
南开区
82%
河北区
82%
河西区
81%
和平区
80%
武清区
77%
西青区
75%
东丽区
73%
北辰区
73%
宝坻区
72%
红桥区
71%
津南区
71%
静海区
71%
宁河区
60%

Score Distribution

Percentile by Number Answered

Percent of People with Each Score

Your Score History

You have not taken this quiz